Garantenpflichten aus familiären Beziehungen: zur Deutung des § 13 Abs. 1 StGB als Blankettvorschrift
| Main Author: | |
|---|---|
| Format: | Print Book |
| Language: | German |
| Published: |
Frankfurt am Main Berlin Bern Wien [u. a.]
Lang
2006
|
| In: |
Familienrechtliche Untersuchungen (6)
Year: 2006 |
| Online Access: |
Table of Contents Table of Contents Table of Contents Blurb Blurb |
| Check availability: | HBZ Gateway |
| Subito Delivery Service: | Order now. |
| Keywords: |
MARC
| LEADER | 00000cam a2200000 c 4500 | ||
|---|---|---|---|
| 001 | 1320126243 | ||
| 003 | DE-627 | ||
| 005 | 20260206204611.0 | ||
| 007 | tu | ||
| 008 | 060105s2006 gw ||||| m 00| ||ger c | ||
| 015 | |a 05,N51,0573 |2 dnb | ||
| 015 | |a 06,H12,0277 |2 dnb | ||
| 016 | 7 | |a 977213250 |2 DE-101 | |
| 020 | |a 363154913X |9 3-631-54913-X | ||
| 035 | |a (DE-627)1320126243 | ||
| 035 | |a (DE-603)135277140 | ||
| 035 | |a (DE-576)250126249 | ||
| 035 | |a (DE-599)BSZ250126249 | ||
| 035 | |a (OCoLC)255484446 | ||
| 035 | |a (OCoLC)318052919 | ||
| 035 | |a (OCoLC)615023027 | ||
| 035 | |a (DE-605)HT014619641 | ||
| 040 | |a DE-627 |b ger |c DE-627 |e rakwb | ||
| 041 | |a ger | ||
| 044 | |c XA-DE |c XA-CH |c XA-BE | ||
| 050 | 0 | |a KK8073 | |
| 082 | 0 | 4 | |a 340 |
| 084 | |a 2 |2 ssgn | ||
| 084 | |a PH 3150 |q DE-208 |2 rvk |0 (DE-625)rvk/136033: | ||
| 084 | |a PH 3040 |2 rvk |0 (DE-625)rvk/136018: | ||
| 084 | |a 86.22 |2 bkl | ||
| 100 | 1 | |a Böhm, Sonja |d 1978- |0 (DE-588)131424041 |0 (DE-627)509052401 |0 (DE-576)29846876X |4 aut | |
| 109 | |a Böhm, Sonja 1978- | ||
| 245 | 1 | 0 | |a Garantenpflichten aus familiären Beziehungen |b zur Deutung des § 13 Abs. 1 StGB als Blankettvorschrift |c Sonja Böhm |
| 264 | 1 | |a Frankfurt am Main |a Berlin |a Bern |a Wien [u. a.] |b Lang |c 2006 | |
| 300 | |a 288 S. | ||
| 336 | |a Text |b txt |2 rdacontent | ||
| 337 | |a ohne Hilfsmittel zu benutzen |b n |2 rdamedia | ||
| 338 | |a Band |b nc |2 rdacarrier | ||
| 490 | 1 | |a Familienrechtliche Untersuchungen |v 6 | |
| 500 | |a Literaturverz. S. 243 - 288 | ||
| 502 | |a Zugl.: Mainz, Univ., Diss., 2005 | ||
| 583 | 1 | |a Archivierung/Langzeitarchivierung gewährleistet |f SLG |z Mainzer Hochschulschriften und Uni-Verlag |2 pdager |5 DE-77 | |
| 650 | 0 | |a Omission, Criminal |z Germany | |
| 650 | 0 | |a Criminal act |z Germany | |
| 650 | 0 | |a Domestic relations |z Germany | |
| 655 | 7 | |a Hochschulschrift |0 (DE-588)4113937-9 |0 (DE-627)105825778 |0 (DE-576)209480580 |2 gnd-content | |
| 689 | 0 | 0 | |d g |0 (DE-588)4011882-4 |0 (DE-627)104704861 |0 (DE-576)208896155 |a Deutschland |2 gnd |
| 689 | 0 | 1 | |d s |0 (DE-588)4129401-4 |0 (DE-627)105710156 |0 (DE-576)209610212 |a Unterlassungsdelikt |2 gnd |
| 689 | 0 | 2 | |d s |0 (DE-588)4019255-6 |0 (DE-627)106322052 |0 (DE-576)208928707 |a Garantenstellung |2 gnd |
| 689 | 0 | 3 | |d s |0 (DE-588)4133734-7 |0 (DE-627)10445833X |0 (DE-576)20964639X |a Familienbeziehung |2 gnd |
| 689 | 0 | |5 DE-101 | |
| 751 | |a Mainz |0 (DE-588)4037124-4 |0 (DE-627)106239201 |0 (DE-576)209022329 |4 uvp | ||
| 830 | 0 | |a Familienrechtliche Untersuchungen |v 6 |9 6 |w (DE-627)36178466X |w (DE-576)9361784668 |w (DE-600)2105468-X |x 1619-036X |7 am | |
| 856 | 4 | 2 | |u http://bvbr.bib-bvb.de:8991/F?func=service&doc_library=BVB01&doc_number=014654874&line_number=0001&func_code=DB_RECORDS&service_type=MEDIA |m V:DE-604 |q application/pdf |v 20090731000000 |3 Klappentext |7 1 |
| 856 | 4 | 2 | |u http://bvbr.bib-bvb.de:8991/F?func=service&doc_library=BVB01&doc_number=014654874&line_number=0002&func_code=DB_RECORDS&service_type=MEDIA |m V:DE-604 |q application/pdf |3 Inhaltsverzeichnis |7 1 |
| 856 | 4 | 2 | |u http://www.gbv.de/dms/spk/sbb/toc/504119095.pdf |m V:DE-601 |m B:DE-1 |q pdf/application |x Verlag |y Inhaltsverzeichnis |3 Inhaltsverzeichnis |7 1 |
| 856 | 4 | 2 | |u http://scans.hebis.de/HEBCGI/show.pl?13527714_kla.pdf |m V:DE-604 |q application/pdf |3 Klappentext |7 1 |
| 856 | 4 | 2 | |u http://scans.hebis.de/HEBCGI/show.pl?13527714_toc.pdf |m V:DE-604 |q application/pdf |3 Inhaltsverzeichnis |7 1 |
| 889 | |w (DE-627)504119095 | ||
| 935 | |i mdedup | ||
| 935 | |h HEB |i 0501 | ||
| 935 | |h HEB |i 0503 | ||
| 936 | r | v | |a PH 3150 |b Unterlassungsdelikte |k Rechtswissenschaft |k Strafrecht, Strafverfahrensrecht, Kriminologie |k Strafrecht |k Besondere Strafbarkeitsvoraussetzungen; Konkurrenzen |k Unterlassungsdelikte |0 (DE-627)127212956X |0 (DE-625)rvk/136033: |0 (DE-576)20212956X |
| 936 | r | v | |a PH 3040 |b Handlungsbegriff (Verhalten, Tun, Unterlassen) |k Rechtswissenschaft |k Strafrecht, Strafverfahrensrecht, Kriminologie |k Strafrecht |k Allgemeiner Teil des StGB |k Handlungsbegriff (Verhalten, Tun, Unterlassen) |0 (DE-627)1271739674 |0 (DE-625)rvk/136018: |0 (DE-576)201739674 |
| 936 | b | k | |a 86.22 |j Familienrecht |0 (DE-627)106413406 |
| 936 | s | n | |a p100 |2 mzub |
| 951 | |a BO | ||
| ELC | |b 1 | ||
| LOK | |0 000 xxxxxcx a22 zn 4500 | ||
| LOK | |0 001 2873314893 | ||
| LOK | |0 003 DE-627 | ||
| LOK | |0 004 1320126243 | ||
| LOK | |0 005 20151116135752 | ||
| LOK | |0 008 150728||||||||||||||||ger||||||| | ||
| LOK | |0 035 |a (DE-21-110)kd144366 | ||
| LOK | |0 040 |a DE-21-110 |c DE-627 |d DE-21-110 | ||
| LOK | |0 689 |a s |a Garantenstellung | ||
| LOK | |0 852 |z Kein Bestand am IfK; Nachweis für KrimDok | ||
| LOK | |0 852 |a DE-21-110 | ||
| LOK | |0 852 1 |9 00 | ||
| LOK | |0 935 |a k110 | ||
| LOK | |0 939 |a 28-07-15 |b l01 | ||
| ORI | |a SA-MARC-krimdoka001.raw | ||
| TIM | |a 100019901003_100020261231 |b 1990-10-03 - 2026 | ||
